00420nam a2200145Ia 4500100001800000942000700018654001300025245002800038260003200066082001000098300000800108546001200116999001700128952012900145 aLuthans/Fred  cBK aBehavior aOrganizational Behavior bMcGraw HillaNew Yorkc1977 a658.4 a588 aENGLISH c19064d19064 001040708AFTaCRCEbCRCEc1449 | 52d2023-03-17eUBSg60.00iT-422l0o658.4 pAFT4717r2023-03-17v60.00w2023-03-17yBK